Měření nezávislosti centrální banky

Nezávislosť centrálnej banky - jej autonómia vo vzťahu k vláde, parlamentu alebo inej politickej či výkonnej moci. Najpoužívanejšie indexy právnej nezávislosti centrálnej banky: Index Bade-Parkin, Index Grilli, Masciandaro a Tabellini, Index Eijffinger-Schaling, Index Cukierman, Index Loungani-Sheet...

Descripción completa

Guardado en:
Detalles Bibliográficos
Autor principal: Soukup, Pavel
Formato: Capítulo de libro
Lenguaje:checo
Materias:
Etiquetas: Agregar Etiqueta
Sin Etiquetas, Sea el primero en etiquetar este registro!

MARC

LEADER 00000naa a2200000 4500
001 r031571
005 20230908085632.2
041 0 |a cze 
044 |a CZ 
245 1 0 |a Měření nezávislosti centrální banky  |c Pavel Soukup 
520 |a Nezávislosť centrálnej banky - jej autonómia vo vzťahu k vláde, parlamentu alebo inej politickej či výkonnej moci. Najpoužívanejšie indexy právnej nezávislosti centrálnej banky: Index Bade-Parkin, Index Grilli, Masciandaro a Tabellini, Index Eijffinger-Schaling, Index Cukierman, Index Loungani-Sheets. Meranie skutočnej nezávislosti: dotazníková metóda (subjektívny prístup), zotrvanie guvernéra vo funkcii, meranie nezávislosti pomocou "paneldata" prístupu. Porovnanie stupňa nezávislosti centrálnych bánk. 
610 2 0 |a banky centrálne 
610 2 0 |a nezávislosť 
610 2 0 |a indexy 
610 2 0 |a dotazníky 
610 2 0 |a porovnanie medzinárodné 
100 1 |a Soukup, Pavel